Wallows Discography (Updated 2025) - Statistics

General Stats
  • This quiz has been taken 164 times
    146 since last reset
  • The average score is 43 of 66
Answer Stats
Album Song % Correct
Nothing Happens Are You Bored Yet?
92%
Nothing Happens Do Not Wait
87%
Remote OK
87%
Nothing Happens Scrawny
87%
Spring 1980s Horror Film
86%
Model Your Apartment
86%
Single Pleaser
83%
Nothing Happens Remember When
82%
Single Uncomfortable
80%
Nothing Happens Ice Cold Pool
78%
Spring Pictures of Girls
78%
Remote Quarterback
78%
Spring These Days
78%
Model Calling After Me
76%
Model Canada
76%
Model She's an Actress
76%
Nothing Happens Only Friend
75%
Nothing Happens Sidelines
75%
Single Sun Tan
75%
Nothing Happens Treacherous Doctor
75%
Spring Ground
74%
Tell Me That It's Over I Don't Want to Talk
72%
Nothing Happens Worlds Apart
72%
Model Bad Dream
71%
Tell Me That It's Over Guitar Romantic Search Adventure
71%
Single 1980s Horror Film II
70%
More Coffin Change
68%
Nothing Happens I'm Full
68%
Model Only Ecstasy
68%
Remote Dig What You Dug
67%
Single Drunk on Halloween
67%
Single Just Like a Movie
67%
Tell Me That It's Over Marvelous
67%
Single Pulling Leaves off Trees
67%
Spring Let the Sun In
64%
Remote Virtual Aerobics
64%
More Your New Favorite Song
64%
Model Anytime, Always
63%
More Deep Dive
62%
Spring It's Only Right
61%
Nothing Happens What You Like
61%
Remote Coastlines
59%
Model Don't You Think It's Strange?
59%
Model Going Under
59%
Model A Warning
58%
Remote Wish Me Luck
58%
Tell Me That It's Over Especially You
57%
Single Trust Fall
57%
Model You (Show Me Where My Days Went)
57%
More Hide It Away
55%
Tell Me That It's Over Permanent Price
55%
Tell Me That It's Over Hard to Believe
54%
Tell Me That It's Over Hurts Me
54%
Remote Nobody Gets Me (Like You)
54%
Remote Talk Like That
54%
More Learn to Love Again
53%
Tell Me That It's Over At the End of the Day
51%
Nothing Happens Bad Remake
50%
Remote On Time
50%
Model I Wouldn't Mind
49%
Single Underneath the Streetlights in the Winter Outside Your House
49%
More Deep Dive (Reprise)
46%
Tell Me That It's Over Missing Out
46%
More Not Alone
45%
Tell Me That It's Over That's What I Get
45%
Remote Another Story
37%
No matching quizzes found
Score Distribution
Percent of People with Each Score
Percentile by Number Answered
Your Score History
You have not taken this quiz since the last reset